| 000 | 01665cam a22002294a 4500 | ||
|---|---|---|---|
| 999 |
_c4638 _d4638 |
||
| 020 | _a9780073048109 (alk. paper) | ||
| 020 | _a0073048100 (alk. paper) | ||
| 050 | 0 | 0 |
_aKF1355 _b.M28 |
| 100 | 1 | _aMcAdams, Tony. | |
| 245 | 1 | 0 |
_aLaw, business, and society / _cTony McAdams, Nancy Neslund, Kristofer Neslund. |
| 250 | _a8th ed. | ||
| 260 |
_aBoston, Mass. : _bMcGraw-Hill, _cc2007. |
||
| 300 |
_axxiii, 830 p. ; _c24 cm. |
||
| 500 | _aIncludes Index. | ||
| 505 | _aUnit One--Business and Society 1. Capitalism and the Role of Government 2. Business Ethics 3. The Corporation and Public Policy: Expanding Responsibilities Unit Two--Introduction to Law 4. The American Legal System 5. Constitutional Law and the Bill of Rights 6. Contracts 7. Torts and Product Liability Unit Three--Trade Regulation and Antitrust 8. Government Regulation of Business 9. Business Organizations and Securities Regulation 10. Antitrust Law--Monopolies and Mergers 11. Antitrust Law--Restraints of Trade Unit Four--Employer--Employee Relations 12. Employment Law I: Employee Rights 13. Employment Law II: Discrimination 14. Employment Law III: Labor--Management Relations Unit Five--Business and Selected Social Issues 15. Consumer Protection 16. Product Liability 17. Environmental Protection 18. Internet Law and Ethics Appendix A The Constitution of the United States of America Appendix B Uniform Commercial Code 2000 Official Text, Article 2 Glossary of Legal Terms Subject Index | ||
| 650 | 0 |
_aBusiness enterprises _xLaw and legislation |
|
| 650 | 0 | _aTrade regulation | |
| 650 | 0 | _aBusiness ethics | |
| 700 | 1 | _aNeslund, Nancy. | |
| 700 | 1 | _aNeslund, Kristofer. | |
| 942 | _cBK | ||